Yamahaṃ Bhārasantaptā (Record no. 394327)

MARC details
000 -LEADER
fixed length control field 00350 a2200133 4500
000 - LEADER
fixed length control field nam a22 7a 4500
100 ## - MAIN ENTRY--PERSONAL NAME
Personal name Chaturvedi, Ram Gopal
110 ## - MAIN ENTRY--CORPORATE NAME
Corporate name or jurisdiction name as entry element Chaturvedi, Ram Gopal
245 ## - TITLE STATEMENT
Title Yamahaṃ Bhārasantaptā
250 ## - EDITION STATEMENT
Edition statement Latest edition
260 ## - PUBLICATION, DISTRIBUTION, ETC.
Name of publisher, distributor, etc. Raj Publishing House
Date of publication, distribution, etc. 2008
264 ## - PRODUCTION, PUBLICATION, DISTRIBUTION, MANUFACTURE, AND COPYRIGHT NOTICE
Name of producer, publisher, distributor, manufacturer Raj Publishing House
Date of production, publication, distribution, manufacture, or copyright notice 2008
942 ## - ADDED ENTRY ELEMENTS (KOHA)
Koha item type Books
Holdings
Date last seen Total checkouts Barcode Cost, replacement price Price effective from Koha item type Lost status Source of classification or shelving scheme Damaged status Not for loan Withdrawn status Home library Current library Date acquired Source of acquisition Cost, normal purchase price
03/02/2026   438061 450.00 03/02/2026 Books   Dewey Decimal Classification       VIVEKANANDA LIBRARY VIVEKANANDA LIBRARY 03/02/2026 1036 337.50
© Designed and Maintained by Vivekananda Library, MDU Rohtak